Pracovná sila na Slovensku: na zmeny bolo včera neskoro

Problémy s nedostatkom kvalifikovaných pracovníkov. Svetoví investori a hľadanie lacnej, ale kvalifikovanej pracovnej sily. Náskok Ázie. Odliv absolventov do zahraničia. Nízka efektívnosť slovenského vzdelávacieho systému. Vychytené študijné odbory. Zabúdanie na dôležitosť perspektívnejších odborov...

Descrizione completa

Salvato in:
Dettagli Bibliografici
Autore principale: Polakovič, Ivan
Natura: Capitolo di libro
Lingua:slovacco
Soggetti:
Tags: Aggiungi Tag
Nessun Tag, puoi essere il primo ad aggiungerne!!

MARC

LEADER 00000naa$a2200000$$$4500
001 0061211
005 20231009072440.8
041 0 |a slo 
044 |a SK 
245 1 0 |a Pracovná sila na Slovensku: na zmeny bolo včera neskoro  |c Ivan Polakovič 
520 |a Problémy s nedostatkom kvalifikovaných pracovníkov. Svetoví investori a hľadanie lacnej, ale kvalifikovanej pracovnej sily. Náskok Ázie. Odliv absolventov do zahraničia. Nízka efektívnosť slovenského vzdelávacieho systému. Vychytené študijné odbory. Zabúdanie na dôležitosť perspektívnejších odborov v technických a prírodovedných oblastiach. 
610 2 0 |a sily pracovné 
610 2 0 |a práca 
610 2 0 |a kvalifikácia 
610 2 0 |a vzdelávanie 
610 2 0 |a odbory študijné 
610 2 0 |a zamestnanosť 
610 2 0 |a nezamestnanosť 
100 1 |a Polakovič, Ivan